| 000 | 00702nam a2200229 u 4500 | ||
|---|---|---|---|
| 005 | 20230623063607.0 | ||
| 008 | 121122s2007 mx r 000 0 spa d | ||
| 020 | _a9706832572 (10 dígitos) | ||
| 020 | _a9789706832573 (13 dígitos) | ||
| 035 | _aUPN01000188886 | ||
| 049 | _aI | ||
| 050 | 4 |
_aPQ7298.23 O4.4 _bT3.3 |
|
| 100 | 1 |
_aMolina, Alicia, _d1945- _933136 |
|
| 245 | 1 | 0 |
_aTache al tache / _cAlicia Molina ; il. Carmina Hernández. |
| 260 |
_aMéxico : _bArtes de México, _c2007. |
||
| 300 |
_a48 p. : _bil. col. |
||
| 440 | 0 | _aLibros del Alba | |
| 650 | 4 |
_aCuentos infantiles mexicanos _97723 |
|
| 650 | 2 |
_aFlores _xAspectos simbólicos _922193 |
|
| 905 | _aInfantil | ||
| 999 |
_c160989 _d160989 |
||